Jfk Sulle Tracce Degli Assasini 2

I tiakina i:
Ngā taipitopito rārangi puna kōrero
Kaituhi matua: Jim Garrison
Hōputu: Pukapuka
Reo:Undetermined
I whakaputaina: L'unita' Sperling &Kuper
Ngā Tūtohu: Tāpirihia he Tūtohu
Kāore He Tūtohu, Me noho koe te mea tuatahi ki te tūtohu i tēnei pūkete!

MARC

LEADER 00000nam a2200000Ia 4500
001 R-826
003 CODICE-MESSINA
005 20260212102458.0
008 260211s9999 xx 000 0 und d
040 |c importazione_messina 
100 |a Jim Garrison 
245 0 |a Jfk Sulle Tracce Degli Assasini 2 
260 |b L'unita' Sperling &Kuper 
942 |2 ddc  |c BK 
952 |0 0  |1 0  |2 ddc  |4 0  |6 SCAFFALE_7_000000000000000__ROMANZI  |7 0  |9 31653  |a ME  |b ME  |d 2026-02-11  |l 0  |o SCAFFALE 7 - ROMANZI  |p R-826  |r 2026-02-11 23:52:41  |w 2026-02-11  |x [REVISIONARE]  |y BK 
999 |c 27318  |d 27318